Statistics for top 10 most playoffs points in the nhl history

Click here to take the quiz!

General Stats

  • This quiz has been taken 154 times
  • The average score is 6 of 10

Answer Stats

rankpointsplayer's name% Correct
#1382Wayne Gretzky
99%
#2295Mark Messier
84%
#3233Jari Kurri
70%
#10185Steve Yzerman
69%
#5199Jaromir Jagr
68%
#6196Paul Coffey
56%
#8188Joe Sakic
52%
#7190Brett Hull
41%
#4214Glenn Anderson
36%
#9188Doug Gilmour
13%

Score Distribution

Percentile by Number Answered

Percent of People with Each Score

Your Score History

You have not taken this quiz